00616nam a2200217Ia 4500008004000000041000800040082001200048100001800060245003300078260003900111300001100150650000800161650001000169650000700179650001300186650001100199690002200210906001100232999001900243952013600262210210b1943 xxu||||| |||| 00| 0 eng d aeng a320/175 aFRIEDMANN (W) aCrisis of the national state aLondonbMacmillan & Co. Ltd.c1943 aix,197 athe astate aof anational aCrisis aPolitical Science a001926 c117794d117794 001040708Political ScienceaALbALcPolitical Scienced2021-02-17g0.00l0o320/175p001926r2021-02-17 00:00:00w2021-02-17yBK